| 000 | 00568nam a2200193 u 4500 | ||
|---|---|---|---|
| 005 | 20220902194052.0 | ||
| 008 | 100420s2009 es r 000 0 spa d | ||
| 020 | _a9788466784337 | ||
| 035 | _aUPN01000175409 | ||
| 049 | _aCG | ||
| 050 | 4 |
_aPQ6657 O5.4 _bH5.7 |
|
| 100 | 1 |
_aGómez Ojea, Carmen, _d1945- _930273 |
|
| 245 | 1 | 3 |
_aLa historia robada / _cCarmen Gómez Ojea ; il. El Rubencio. |
| 260 |
_aMadrid : _bAnaya, _c2009. |
||
| 300 |
_a123 p. : _bil. col. |
||
| 440 | 3 |
_aEl duende verde ; _v165 |
|
| 650 | 0 |
_aLiteratura juvenil española _912359 |
|
| 905 | _aLibro | ||
| 999 |
_c147513 _d147513 |
||